<?xml version="1.0" encoding="UTF-8"?>
<record
    xmlns:xsi="http://www.w3.org/2001/XMLSchema-instance"
    xsi:schemaLocation="http://www.loc.gov/MARC21/slim http://www.loc.gov/standards/marcxml/schema/MARC21slim.xsd"
    xmlns="http://www.loc.gov/MARC21/slim">

  <leader>00922nam a2200241 i 4500</leader>
  <controlfield tag="001">81810</controlfield>
  <controlfield tag="003">ES-MaACL</controlfield>
  <controlfield tag="005">20250407063105.0</controlfield>
  <controlfield tag="007">t|</controlfield>
  <controlfield tag="008">041108s1922    fr           ||||1| spa d</controlfield>
  <datafield tag="080" ind1=" " ind2=" ">
    <subfield code="a">656.2(460)</subfield>
  </datafield>
  <datafield tag="080" ind1=" " ind2=" ">
    <subfield code="a">385/388(262 Gibraltar, Estrecho de)</subfield>
  </datafield>
  <datafield tag="100" ind1="1" ind2=" ">
    <subfield code="a">Ib&#xE1;&#xF1;ez de Ibero, Carlos, </subfield>
    <subfield code="c">Marqu&#xE9;s de Mulhac&#xE9;n, </subfield>
    <subfield code="d">1888-1966</subfield>
    <subfield code="9">151481</subfield>
  </datafield>
  <datafield tag="245" ind1="1" ind2="4">
    <subfield code="a">Los medios de comunicaci&#xF3;n entre Espa&#xF1;a y Marruecos / </subfield>
    <subfield code="c">Carlos Ib&#xE1;&#xF1;ez de Ibero.</subfield>
  </datafield>
  <datafield tag="260" ind1=" " ind2=" ">
    <subfield code="a">[Par&#xED;s : </subfield>
    <subfield code="b">s.n.], </subfield>
    <subfield code="c">1922 (</subfield>
    <subfield code="e">Cahors : </subfield>
    <subfield code="f">Imp. Typ. Coueslant)</subfield>
  </datafield>
  <datafield tag="300" ind1=" " ind2=" ">
    <subfield code="a">18 p. ; </subfield>
    <subfield code="c">24 cm.</subfield>
  </datafield>
  <datafield tag="594" ind1=" " ind2=" ">
    <subfield code="a">Precede al t&#xED;t.: Institut d'&#xC9;tudes Hispaniques de l'Universit&#xE9; de Paris</subfield>
  </datafield>
  <datafield tag="650" ind1=" " ind2="4">
    <subfield code="a">Ferrocarriles-</subfield>
    <subfield code="z">Espa&#xF1;a.</subfield>
    <subfield code="9">12761</subfield>
  </datafield>
  <datafield tag="651" ind1=" " ind2="4">
    <subfield code="a">Gibraltar (Estrecho)-</subfield>
    <subfield code="x">Comunicaciones.</subfield>
    <subfield code="9">151486</subfield>
  </datafield>
  <datafield tag="710" ind1="2" ind2=" ">
    <subfield code="a">Universit&#xE9; de Paris. </subfield>
    <subfield code="b">Institut d'Etudes Hispaniques.</subfield>
    <subfield code="9">7487</subfield>
  </datafield>
  <datafield tag="852" ind1="4" ind2=" ">
    <subfield code="a">ES-MaACL</subfield>
    <subfield code="j">1634-F-11</subfield>
  </datafield>
  <datafield tag="999" ind1=" " ind2=" ">
    <subfield code="c">81810</subfield>
    <subfield code="d">81810</subfield>
  </datafield>
  <datafield tag="952" ind1=" " ind2=" ">
    <subfield code="0">0</subfield>
    <subfield code="1">0</subfield>
    <subfield code="4">0</subfield>
    <subfield code="7">0</subfield>
    <subfield code="8">Colecci&#xF3;n_de_folletos</subfield>
    <subfield code="a">ATENEOM</subfield>
    <subfield code="b">ATENEOM</subfield>
    <subfield code="c">DEPOF</subfield>
    <subfield code="d">2008-01-17</subfield>
    <subfield code="e">SC</subfield>
    <subfield code="l">0</subfield>
    <subfield code="o">1634-F-11</subfield>
    <subfield code="p">1085509</subfield>
    <subfield code="r">2023-02-23 00:00:00</subfield>
    <subfield code="w">2023-02-23</subfield>
    <subfield code="y">FOLLETOS</subfield>
  </datafield>
</record>
